| 000 | 00781nam a2200229 4500 | ||
|---|---|---|---|
| 999 |
_c315 _d315 |
||
| 001 | 315 | ||
| 003 | BD-JhCC | ||
| 005 | 20171015174855.0 | ||
| 008 | 171003s1421 b |||| |||| 000 0 ben d | ||
| 020 | _a8172931581 | ||
| 035 | _a(BD-JhCC) 315 | ||
| 040 |
_aBD-JhCC _dBD-JhCC |
||
| 041 | _aben | ||
| 082 |
_a891.4409 _bROY 1421 |
||
| 100 | _aরায়, অন্নদাশঙ্কর | ||
| 245 |
_aপথে প্রবাসে / _cঅন্নদাশঙ্কর রায় |
||
| 260 |
_aকলকাতা : _bমিত্র ও ঘোষ পাবলিশার্স প্রা: লি:; _c১৩৮০ |
||
| 300 |
_a১২৮ পৃ.; _c২২ সে. মি. |
||
| 650 | _aBengali Novel | ||
| 942 |
_2ddc _cBK |
||